Influencia mediática en la reforma del código orgánico procesal penal /
La reforma del Código Orgánico Procesal Penal tuvo su origen en una campaña mediática que formó una matriz de opinión que menguaba su eficacia. La reforma se orientó a agravar la situación del imputado bajando los límites máximos de las penas y exiguiendo más requisitos como se observa en los acuerd...
שמור ב:
| מחבר ראשי: | |
|---|---|
| מחברים אחרים: | |
| פורמט: | Texto |
| נושאים: | |
| תגים: |
הוספת תג
אין תגיות, היה/י הראשונ/ה לתייג את הרשומה!
|
MARC
| LEADER | 00000 a a2200000 04500 | ||
|---|---|---|---|
| 001 | 2444 | ||
| 003 | |||
| 040 | |||
| 100 | |a Tinedo Fernández, Gladys | ||
| 245 | |a Influencia mediática en la reforma del código orgánico procesal penal / |c Gladys Tinedo Fernández | ||
| 520 | |a La reforma del Código Orgánico Procesal Penal tuvo su origen en una campaña mediática que formó una matriz de opinión que menguaba su eficacia. La reforma se orientó a agravar la situación del imputado bajando los límites máximos de las penas y exiguiendo más requisitos como se observa en los acuerdos reparatorios y en la admisión de los hechos | ||
| 650 | |a REFORMA SOCIAL | ||
| 650 | |a MEDIOS DE COMUNICACION DE MASAS | ||
| 650 | |a OPINION PUBLICA | ||
| 650 | |a DERECHO PENAL | ||
| 650 | |a VENEZUELA | ||
| 700 | |a Parra, Ana Victoria | ||
| 773 | |g volumen 30, número 1; páginas 101-117 | ||
| 999 | |c 22911 |d 22911 | ||
